000 00619cam a22002173a 4500
001 35284
003 PGUSA
005 20140828083748.0
008 110214s2011||||xxu|||||s|||||000 | eng d
040 _aPGUSA
_beng
042 _adc
100 1 _aWerner, E.,
_d1838-1918
245 1 0 _aRiven Bonds. Vol. II. :
_bA Novel, in Two Volumes
_h[electronic resource] /
_cE. Werner
260 _bProject Gutenberg,
_c2011
506 _aPublic domain in the USA.
516 _aElectronic text
700 1 _aNess, Bertha
830 0 _aProject Gutenberg
_v35284
856 4 0 _uhttp://www.gutenberg.org/ebooks/35284
942 _cEB
999 _c264539
_d264539